000 00894nam a22003017a 4500
003 CHAP
005 20220329134122.0
008 971013s1966 r 00010 d
010 _a15659
011 _a16631
035 _a20713
040 _cCHAP
090 _aFolleto 5592
100 0 0 _aBesnier Romero, Fernando.
_912033
245 _aSorgos forrajeros y pastos del Sudán
260 _aMadrid :
_bMinisterio de Agricultura,
_c1966
300 _a23 p.
590 _aBATCH-UPD
_b10
_c20130110
_lUCH01
_h0846
590 _aBATCH-UPD
_b10
_c20130410
_lUCH01
_h0519
590 _aBATCH-UPD
_b10
_c20130914
_lUCH01
_h1904
590 _aCONVERSION
_b10
_c20130109
_lUCH01
_h1310
650 1 4 _aPastos forrajeros.
_986094
650 1 4 _aSorgo como forraje.
_9108743
650 1 4 _aZacate sudán.
_9123399
901 _aBK
942 _cFOLL
949 _aFolleto 5592
_bBC
_cFOLL
_d-48284
_eTS1
_i20713
_si
999 _c15659
_d15659